Farm animal surgery

Master the surgical techniques needed to treat large animals! A comprehensive resource, Farm Animal Surgery, 2nd Edition provides clear, step-by-step guidelines to performing common, field-tested surgical procedures. Coverage includes key information such as patient examination and preparation, diag...

Cijeli opis

Spremljeno u:
Bibliografski detalji
Format: Knjiga
Jezik:Undetermined
Izdano: Saint Louis, Missouri Elsevier 2017
Teme:
Oznake: Dodaj oznaku
Bez oznaka, Budi prvi tko označuje ovaj zapis!
Thư viện lưu trữ: Trung tâm Học liệu Trường Đại học Cần Thơ
LEADER 01134nam a2200181Ia 4500
001 CTU_218956
008 210402s9999 xx 000 0 und d
082 |a 636.089​7 
082 |b F233 
245 0 |a Farm animal surgery 
245 0 |c Edited by Susan L. Fubini, Norm G. Ducharme 
260 |a Saint Louis, Missouri 
260 |b Elsevier 
260 |c 2017 
520 |a Master the surgical techniques needed to treat large animals! A comprehensive resource, Farm Animal Surgery, 2nd Edition provides clear, step-by-step guidelines to performing common, field-tested surgical procedures. Coverage includes key information such as patient examination and preparation, diagnostic imaging, surgical procedures by body system, anesthesia concerns, fluid therapy, and postoperative management. Written by large animal specialists Susan Fubini and Norm Ducharme, along with a team of expert contributors, this resource is also an invaluable tool in preparing for ACVS or ECVS board exams. 
650 |a Veterinary surgery,Phẫu thuật thú y 
904 |i Bích Trâm 
980 |a Trung tâm Học liệu Trường Đại học Cần Thơ